000 00660nam a2200229 i 4500
001 C2-0168180
003 PPAK
005 20210613120803.0
008 980715n xx |||| |||||||| may d
040 _aPPAK
_beng
_cPPAK
_erda
082 0 4 _a899.23
_223
090 0 0 _a899.23
_bHIK
_dKK
245 0 0 _aHikayat Khwaja Maimun
264 1 _a[Place of publication not identified] :
_b[publisher not identified],
_c[date of publication not identified]
300 _a52 pages ;
_c21 cm
336 _2rdacontent
_atext
337 _2rdamedia
_aunmediated
338 _2rdacarrier
_avolume
500 _aHadiah
650 1 0 _aFolk literature, Malay
942 _cB
_2ddc
999 _c49910
_d49910